| 000 | 00653nam a2200181 a 4500 | ||
|---|---|---|---|
| 005 | 20210223120412.0 | ||
| 008 | 991125s1968 mx 000 0 spa u | ||
| 035 | _aUPN01000000312 | ||
| 049 | _aSEP | ||
| 050 | 4 |
_aL227 D3.8 _bB6 1968 |
|
| 110 | 1 |
_aMéxico. _bDirección General de Asuntos Indígenas _928113 |
|
| 245 | 1 | 0 |
_aAcción indigenista / _cDirección General de Asuntos Indígenas. |
| 260 |
_aMéxico : _bSEP, Dirección General de Asuntos Indígenas, _c1968. |
||
| 300 |
_a80 p. : _bil. |
||
| 500 | _a"Información dedicada al VI Congreso Indigenista Interamericano" | ||
| 610 | 1 | 4 |
_aMEXICO. _bDIRECCION GENERAL DE EDUCACION INDIGENA |
| 905 | _aLibro | ||
| 999 |
_c312 _d312 |
||